Maschi da dietro

Gespeichert in:
Bibliographische Detailangaben
1. Verfasser: Del Vecchio Eleonora
Format: Buch
Sprache:Nichtbestimmte Sprache
Veröffentlicht: Roma Mare Nero 2002
Tags: Tag hinzufügen
Keine Tags, Fügen Sie das erste Tag hinzu!

MARC

LEADER 00000nam a2200000Ia 4500
001 756
003 NUMERAZIONE-ORIGINALE-BRESCIA
005 20260206230754.0
008 260206s9999 xx 000 0 und d
100 |a Del Vecchio Eleonora 
245 0 |a Maschi da dietro 
260 |a Roma 
260 |b Mare Nero 
260 |c 2002 
500 |a Il culo maschile - L'ascesa mediatica di un sex simbol negato 
500 |a Minima Amoralia 
942 |2 ddc  |c BK  |n 0 
952 |0 0  |1 0  |2 ddc  |4 0  |6 26  |7 0  |9 28642  |a BS  |b BS  |d 2026-02-06  |i 756  |l 0  |o 2-6-*  |r 2026-02-06 22:40:39  |w 2026-02-06  |x [REVISIONARE]  |y BK 
999 |c 24300  |d 24300